ბათუმის შოთა რუსთაველის სახელმწიფო უნივერსიტეტის ბიბლიოთეკა

აფხაზეთო გამარჯობა შენი! (ბიბ.ჩანაწერი № 50124)

000 -LEADER
fixed length control field 00828nam a2200217Ia 4500
001 - CONTROL NUMBER
control field 17062
003 - CONTROL NUMBER IDENTIFIER
control field GE_BSU
008 - FIXED-LENGTH DATA ELEMENTS--GENERAL INFORMATION
fixed length control field 181216s||||||||xx |||||||||||||| ||und||
040 ## - CATALOGING SOURCE
Transcribing agency GE_BSU
080 ## - UNIVERSAL DECIMAL CLASSIFICATION NUMBER
Universal Decimal Classification number 821.353.1-1
245 ## - TITLE STATEMENT
Title აფხაზეთო გამარჯობა შენი!
245 ## - TITLE STATEMENT
Remainder of title ქართველი პოეტების ლექსები აფხაზეთზე
245 ## - TITLE STATEMENT
Statement of responsibility, etc. შემდგ: ბესიკ ადეიშვილი
260 ## - PUBLICATION, DISTRIBUTION, ETC.
Place of publication, distribution, etc. თბილისი
260 ## - PUBLICATION, DISTRIBUTION, ETC.
Name of publisher, distributor, etc. ნაკადული
260 ## - PUBLICATION, DISTRIBUTION, ETC.
Date of publication, distribution, etc. 1969
300 ## - PHYSICAL DESCRIPTION
Extent 138გვ. ; 16სმ
653 ## - INDEX TERM--UNCONTROLLED
Uncontrolled term აფხაზეთო გამარჯობა შენი!
653 ## - INDEX TERM--UNCONTROLLED
Uncontrolled term ქართველი პოეტების ლექსები აფხაზეთზე
942 ## - ADDED ENTRY ELEMENTS (KOHA)
Koha item type წიგნი
ეგზემპლარები
Withdrawn status Lost status Damaged status Not for loan Date acquired Barcode Date last seen Price effective from Koha item type
        2018-12-17 21620 2018-12-17 2018-12-17 წიგნი